000 01255nam a22002417a 4500
005 20110913152830.0
008 110913t xxu||||| |||| 00| 0 mar d
010 _aMAR-21348
020 _c150.00
_a9788177866414
035 _aMR-14006
037 _bDBAD/PUB
040 _aDPL
_bMR
082 _a649.1
100 _934729
_aन्यूमार्क,गेराल्ड
245 _aमुलांच्या भावनिक आरोग्याची ५ सूत्रे /
_cगेराल्ड न्यूमार्क ; सुशील सुर्वे द्वारा अनुवादित
246 _aMulanchya Bhavnik Aarogyanchi 5 Sutre
_bby Gerald Newmark
260 _aऔरंगाबाद
_bसाकेत प्रकाशन
_c2011
270 _bऔरंगाबाद
_a115 म. गांधीनगर,स्टेशन रोड ,
_e431005
300 _a183पृ.
_c21सेमी(अजिल्द)
700 _aसुर्वे,सुशील
_934791
942 _2ddc
_cMR
_mबेकर
_h649.1
999 _c56841
_d56841